| 000 -ლიდერი |
| ფიქსირებული სიგრძის საკონტროლო ველი |
01442nam a2200301Ia 4500 |
| 001 - საკონტროლო ნომერი |
| საკონტროლო ველი |
4049 |
| 003 - საკონტროლო ნომრის იდენტიფიკატორი |
| საკონტროლო ველი |
GE_BSU |
| 005 - ბოლო ოპერაციის თარიღი და დრო |
| საკონტროლო ველი |
20190923111750.0 |
| 008 - ფიქსირებული სიგრძის მონაცემთა ელემენტები - ზოგადი ინფორმაცია |
| ფიქსირებული სიგრძის საკონტროლო ველი |
181216s1983||||ge |||||||||||||| ||geo|| |
| 040 ## - კატალოგიზაციის წყარო |
| Transcribing agency |
GE_BSU |
| 041 ## - ენის კოდი |
| Language code of text/sound track or separate title |
geo |
| 080 ## - უნივერსალური ათობითი კლასიფიკაციის ინდექსი |
| Universal Decimal Classification number |
39(479.223)+656 დ–15 |
| 100 ## - მთავარი ჩანაწერი - პიროვნების სახელი |
| Personal name |
დავითაძე, ალექსანდრე |
| 9 (RLIN) |
4065 |
| 245 ## - ცნობა სათაურის შესახებ |
| Title |
ქართული ხალხური ტრანსპორტის ისტორიიდან : |
| Remainder of title |
ხის დამუშავება-გამოყენების ტრადიციები აჭარაში / |
| Statement of responsibility, etc |
ალექსანდრე დავითაძე; რედ. მ. გეგეშიძე. |
| 260 ## - გამოქვეყნების, გავრცელების, და სხვა. ცნობები |
| Place of publication, distribution, etc |
ბათუმი |
| 260 ## - გამოქვეყნების, გავრცელების, და სხვა. ცნობები |
| Name of publisher, distributor, etc |
საბჭოთა აჭარა |
| 260 ## - გამოქვეყნების, გავრცელების, და სხვა. ცნობები |
| Date of publication, distribution, etc |
1983 |
| 300 ## - ფიზიკური აღწერა |
| Extent |
94 გვ. ; |
| Other physical details |
22 სმ. |
| 504 ## - BIBLIOGRAPHY, ETC. NOTE |
| Bibliography, etc |
ბიბლიოგრ. ტექსტის შენიშვნებში. |
| 520 ## - SUMMARY, ETC. |
| Summary, etc |
რეზ. რუს. და ინგლ. ენ. |
| 653 ## - INDEX TERM--UNCONTROLLED |
| Uncontrolled term |
ქართული ხალხური ტრანსპორტის ისტორია; |
| 653 ## - INDEX TERM--UNCONTROLLED |
| Uncontrolled term |
ქართველების ეთნოგრაფია; |
| 653 ## - INDEX TERM--UNCONTROLLED |
| Uncontrolled term |
აჭარლები; |
| 653 ## - INDEX TERM--UNCONTROLLED |
| Uncontrolled term |
ხის დამუშავება. |
| 700 ## - ADDED ENTRY--PERSONAL NAME |
| Personal name |
გეგეშიძე, მ. |
| Relator term |
რედაქტორი |
| 9 (RLIN) |
3925 |
| 942 ## - ADDED ENTRY ELEMENTS (KOHA) |
| Koha item type |
წიგნი |
| Source of classification or shelving scheme |
|